<?xml version="1.0" encoding="UTF-8"?>
<record
    xmlns:xsi="http://www.w3.org/2001/XMLSchema-instance"
    xsi:schemaLocation="http://www.loc.gov/MARC21/slim http://www.loc.gov/standards/marcxml/schema/MARC21slim.xsd"
    xmlns="http://www.loc.gov/MARC21/slim">

  <leader>00505nam a22001937a 4500</leader>
  <controlfield tag="003">OSt</controlfield>
  <controlfield tag="005">20140310182244.0</controlfield>
  <controlfield tag="008">121114t        xxu||||| |||| 00| 0 eng d</controlfield>
  <datafield tag="020" ind1=" " ind2=" ">
    <subfield code="a">0671029282</subfield>
  </datafield>
  <datafield tag="050" ind1=" " ind2=" ">
    <subfield code="a">PZ 7</subfield>
    <subfield code="b">.M646s24 1999</subfield>
  </datafield>
  <datafield tag="082" ind1=" " ind2=" ">
    <subfield code="a">FIC#</subfield>
    <subfield code="b">SAB #24</subfield>
  </datafield>
  <datafield tag="245" ind1=" " ind2=" ">
    <subfield code="a">Millennium madness /</subfield>
  </datafield>
  <datafield tag="260" ind1=" " ind2=" ">
    <subfield code="a">London :</subfield>
    <subfield code="b">Archie comic Pub Inc.,</subfield>
    <subfield code="c">1999.</subfield>
  </datafield>
  <datafield tag="300" ind1=" " ind2=" ">
    <subfield code="a">359 p. ;</subfield>
    <subfield code="c">18 cm.</subfield>
  </datafield>
  <datafield tag="650" ind1=" " ind2=" ">
    <subfield code="a">Witchcraft</subfield>
    <subfield code="x">Fiction</subfield>
    <subfield code="9">19284</subfield>
  </datafield>
  <datafield tag="650" ind1=" " ind2=" ">
    <subfield code="a">Witches</subfield>
    <subfield code="x">Fiction</subfield>
    <subfield code="9">19285</subfield>
  </datafield>
  <datafield tag="942" ind1=" " ind2=" ">
    <subfield code="2">lcc</subfield>
    <subfield code="c">BK-FIC</subfield>
  </datafield>
  <datafield tag="999" ind1=" " ind2=" ">
    <subfield code="c">11197</subfield>
    <subfield code="d">11197</subfield>
  </datafield>
  <datafield tag="952" ind1=" " ind2=" ">
    <subfield code="0">0</subfield>
    <subfield code="1">0</subfield>
    <subfield code="2">lcc</subfield>
    <subfield code="4">0</subfield>
    <subfield code="a">LUX</subfield>
    <subfield code="b">LUX</subfield>
    <subfield code="c">FIC</subfield>
    <subfield code="d">2013-09-13</subfield>
    <subfield code="l">0</subfield>
    <subfield code="o">PZ 7 .M646s24 1999</subfield>
    <subfield code="p">14142</subfield>
    <subfield code="r">2016-01-12 00:00:00</subfield>
    <subfield code="t">1</subfield>
    <subfield code="w">2013-09-13</subfield>
    <subfield code="y">BK</subfield>
  </datafield>
</record>
